Men Who Walked On The Moon. - Statistics

General Stats
  • This quiz has been taken 527 times
  • The average score is 6 of 12
Answer Stats
Hint Answer % Correct
Apollo 11 Neil Armstrong
99%
Apollo 11 Buzz Aldrin
94%
Apollo 17 Eugene Cernan
47%
Apollo 14 Alan Shepard
44%
Apollo 12 Alan Bean
40%
Apollo 17 Harrison Schmitt
38%
Apollo 16 John Young
37%
Apollo 12 Pete Conrad
37%
Apollo 16 Charles Duke
35%
Apollo 15 David Scott
34%
Apollo 14 Edgar Mitchell
31%
Apollo 15 James Irwin
31%
No matching quizzes found
Score Distribution
Percent of People with Each Score
Percentile by Number Answered
Your Score History
You have not taken this quiz